Good practice briefing : repairs and maintenance. Issue 22 November 2001 (Record no. 102423)

MARC details
000 -LEADER
fixed length control field 00679cam a2200229 4500
001 - CONTROL NUMBER
control field J105784
008 - FIXED-LENGTH DATA ELEMENTS--GENERAL INFORMATION
fixed length control field 000000n2001 000 0 eng u
035 ## - SYSTEM CONTROL NUMBER
System control number (Sirsi) u119873
050 ## - LIBRARY OF CONGRESS CALL NUMBER
Classification number 306
110 ## - MAIN ENTRY--CORPORATE NAME
Corporate name or jurisdiction name as entry element Chartered Institute of Housing
9 (RLIN) 2394
245 ## - TITLE STATEMENT
Title Good practice briefing : repairs and maintenance. Issue 22 November 2001
260 ## - PUBLICATION, DISTRIBUTION, ETC.
Place of publication, distribution, etc. Coventry
-- Chartered Instittue of Housing
Date of publication, distribution, etc. 2001
300 ## - PHYSICAL DESCRIPTION
Extent 15p.
Dimensions 30cm.
350 ## - PRICE (NR) (BK AM CF MU VM SE) [OBSOLETE]
Price 10
490 ## - SERIES STATEMENT
Series statement CIH Good Practice Briefing
Volume/sequential designation 22
650 ## - SUBJECT ADDED ENTRY--TOPICAL TERM
Topical term or geographic name entry element BUILT ENVIRONMENT-BUILDING MAINTENANCE AND REFURBISHMENT
650 ## - SUBJECT ADDED ENTRY--TOPICAL TERM
Topical term or geographic name entry element PARTNERING
650 ## - SUBJECT ADDED ENTRY--TOPICAL TERM
Topical term or geographic name entry element Procurement-old
650 ## - SUBJECT ADDED ENTRY--TOPICAL TERM
Topical term or geographic name entry element REPAIRS
690 ## - LOCAL SUBJECT ADDED ENTRY--TOPICAL TERM (OCLC, RLIN)
Topical term or geographic name as entry element HOUSING
942 ## - ADDED ENTRY ELEMENTS (KOHA)
Suppress in OPAC 0
Holdings
Withdrawn status Lost status Source of classification or shelving scheme Damaged status Not for loan Home library Current library Shelving location Date acquired Total Checkouts Full call number Barcode Date last seen Date last checked out Copy number Price effective from Koha item type
    Dewey Decimal Classification     London London Enquiry desk 27/09/2002 3 BOXED SET 30066749 06/08/2019 18/12/2002 1 06/08/2019 Book